000 00614cam a2200217 4500500
005 20260329003328.0
041 _afre
042 _adc
100 1 0 _aFereday, Jack
_eauthor
245 0 0 _aLe Jour et l’Heure
260 _c2015.
500 _a80
690 _aCatherine Portevin
690 _aMémoire
690 _aMichel Haar
690 _aMystère
690 _aSavoir
690 _aSimon Crichtley
786 0 _nPhilosophie magazine | 90 | 6 | 2015-06-01 | p. 58-58 | 1951-1787
856 4 1 _uhttps://shs.cairn.info/magazine-philosophie-magazine-2015-6-page-58?lang=fr&redirect-ssocas=7080
999 _c1823583
_d1823583